00761nam a2200265 a 45000010008000000030009000080050017000170070008000340080039000420200015000810400022000961000017001182450078001352600036002133000028002494900026002777000022003037000024003257000026003497000021003757000023003967000026004197000024004458300026004690000418DO-SdBNP20180126134854.00000418091125s1977 sp a 000 0 spa d a8473740157 aBPMSUbspacBPMSU aHewish, Mark13aEl libro de los jets /cMark Hewish ; ilustraciones Derek Bunce...[et.al] aPinto (Madrid) :bPlesa,c1977. a32 p. :bil. ;c28 cm. 1 aEl joven científico1 aBunce, Derekeil.1 aDavies, Gordoneil.1 aEnglish, Malcolmeil.1 aGreen, Phileil.1 aHadler, Terryeil.1 aHutchinson, Johneil.1 aRoffe, Michaeleil. 0aEl joven científico